00795 2200313 4500001002100000005001800021008004100039020002200080035002400102090001700126100001600143245001900159250001100178260004300189300002800232650003200260700002400292850001500316999001500331999001500346999001500361999001500376999001500391999001500406999001500421999001500436999001500451999001500466YOGYA-0111000000165320110129075950969 ind  a978-979-025-182-2 0010-011100000001653 aPK 811 Tho I aThobroni, M aIndahnya puisi aCet. 2 aYogyakartabPustaka Insan Madanic2008 aVIII, 150 HLM . ; 21 CM aPuisi Indonesia - apresiasi aSari, Yunita Candra aYOPDYOG[B] a10BPK06407 a10BPK06408 a10BPK06409 a10BPK06410 a10BPK06411 a10BPK06412 a10BPK06413 a10BPK06414 a10BPK06415 a10BPK06416